000 00864cam a2200277 4500
001 ABS64208
008 010808n2001 000 0 eng u
035 _a(Sirsi) u114007
100 _aStokes, S.
245 4 _aThe public domain and free flow of ideas are under threat
260 _c2001
490 _aArt Newspaper
_v(116) July-August 2001, 20(1)
520 _aNotes that whilst in the US the idea/expression dichotomy is recognised by statute there is only limited recognition through case law in the UK.
590 _aABS
650 _aART
650 _aCOPYRIGHT
650 _aCOPYRIGHT ACT 1976
650 _aCOPYRIGHT LAW
650 _aDESIGN RIGHTS
650 _aDIGITAL COPYRIGHT DIRECTIVE
650 _aIDEA/EXPRESSION DICHOTOMY
650 _aPHOTOGRAPHS
650 _aSCULPTURE
690 _aArts and antiques
_96217
942 _n0
999 _c67948
_d67948